00330 a2200109 4500001000900000005001700009008004100026245006500067100002200132773004900154999001700203ART_619920260410161825.0260409a 10aEl Gasto Público en la provincia de Buenos Aires 1914-19401 aDegregori, Daniel0 tFACESg- Año 2, Nº 2 (jun. 1996)wREV5046 c22716d22716